[Event "ch-USA 2016"]
[Site "Saint Louis USA"]
[Date "2016.04.14"]
[Round "1.1"]
[White "Caruana, Fabiano"]
[Black "Akobian, Varuzhan"]
[Result "1-0"]
[WhiteTitle "GM"]
[BlackTitle "GM"]
[WhiteElo "2795"]
[BlackElo "2615"]
[WhiteFideId "2020009"]
[BlackFideId "13300580"]
[EventDate "2016.04.14"]

1. e4 d5 2. exd5 Nf6 3. Bb5+ Bd7 4. Bc4 Bg4 5. f3 Bf5 6. Nc3 Nbd7 7. g4 Nb6 8.
b3 Bc8 9. Bb2 Nfxd5 10. Nxd5 Nxd5 11. Qe2 e6 12. O-O-O b6 13. Nh3 Bb7 14. f4 Bd6
15. f5 Qe7 16. Bxg7 Rg8 17. Bb2 O-O-O 18. Rhf1 Rde8 19. f6 Qf8 20. g5 h6 21. Rg1
hxg5 22. Nxg5 Rh8 23. h3 Rh6 24. Rdf1 a5 25. Kb1 Kb8 26. Rg4 Rd8 27. h4 Ka7 28.
Be5 Rd7 29. Bb5 Rd8 30. Bxd6 cxd6 31. Bc4 Nc7 32. Nxf7 Qxf7 33. Rg7 Qf8 34. Rxc7
Rxf6 35. Rxf6 Qxf6 36. Qxe6 Qxh4 37. Bd5 Rb8 38. Qf7 Qe1+ 39. Kb2 Qe5+ 40. c3 1-0

[Event "ch-USA 2016"]
[Site "Saint Louis USA"]
[Date "2016.04.14"]
[Round "1.3"]
[White "So, Wesley"]
[Black "Kamsky, Gata"]
[Result "1-0"]
[WhiteTitle "GM"]
[BlackTitle "GM"]
[WhiteElo "2773"]
[BlackElo "2678"]
[WhiteFideId "5202213"]
[BlackFideId "2000024"]
[EventDate "2016.04.14"]

1. e4 e5 2. Nf3 Nc6 3. Bb5 a6 4. Ba4 Nf6 5. O-O Be7 6. Re1 b5 7. Bb3 d6 8. c3
O-O 9. h3 Nb8 10. d4 Nbd7 11. Nbd2 Bb7 12. Bc2 Re8 13. Nf1 Bf8 14. Ng3 g6 15.
Bg5 h6 16. Bd2 Bg7 17. a4 c6 18. axb5 axb5 19. Rxa8 Qxa8 20. Nh4 Qd8 21. Qc1 Kh7
22. Nhf5 gxf5 23. Nxf5 Re6 24. Bxh6 Ne8 25. Bg5 Bf6 26. Bxf6 Qxf6 27. d5 Re7 28.
g4 1-0

[Event "ch-USA 2016"]
[Site "Saint Louis USA"]
[Date "2016.04.14"]
[Round "1.4"]
[White "Shankland, Samuel L"]
[Black "Chandra, Akshat"]
[Result "1-0"]
[WhiteTitle "GM"]
[BlackTitle "IM"]
[WhiteElo "2656"]
[BlackElo "2477"]
[WhiteFideId "2004887"]
[BlackFideId "25006711"]
[EventDate "2016.04.14"]

1. e4 e6 2. d4 d5 3. Nd2 c5 4. Ngf3 cxd4 5. exd5 Qxd5 6. Bc4 Qd6 7. O-O Nf6 8.
Nb3 Nc6 9. Nbxd4 Nxd4 10. Nxd4 a6 11. Re1 Qc7 12. Bf1 Bd6 13. Nf5 Bxh2+ 14. Kh1
Kf8 15. Qd4 exf5 16. Qxf6 h6 17. Qd4 Bd6 18. Bc4 Bd7 19. b3 Qc5 20. Qh4 b5 21.
Be3 Qc7 22. Bd5 Bc6 23. Rad1 Kg8 24. Qh5 Bxd5 25. Rxd5 g6 26. Qd1 Bf8 27. Bd4
Rh7 28. Bf6 Qb6 29. Bd4 Qc6 30. Bb2 f6 31. Rd8 Rxd8 32. Qxd8 Rf7 33. Re8 Qxc2
34. Ba3 b4 35. Bxb4 Qc1+ 36. Re1 Qc7 37. Qxc7 Rxc7 38. Re8 Rf7 39. Ra8 Kg7 40.
Bxf8+ Rxf8 41. Rxa6 g5 42. b4 Rd8 43. b5 Rd2 44. b6 Rb2 45. g3 Kg6 46. Kg2 h5
47. a4 f4 48. gxf4 g4 49. a5 h4 50. Ra8 Kf5 51. Rh8 h3+ 52. Kg3 Rb3+ 53. Kh2 Rb2
54. a6 Rxf2+ 55. Kg1 g3 56. Rxh3 Kg4 57. Rh8 Rb2 58. a7 Rb1+ 59. Kg2 Rb2+ 60.
Kf1 g2+ 61. Kg1 Kg3 62. Rg8+ Kh3 63. a8=Q 1-0

[Event "ch-USA 2016"]
[Site "Saint Louis USA"]
[Date "2016.04.14"]
[Round "1.5"]
[White "Onischuk, Alexander"]
[Black "Xiong, Jeffery"]
[Result "1/2-1/2"]
[WhiteTitle "GM"]
[BlackTitle "GM"]
[WhiteElo "2664"]
[BlackElo "2618"]
[WhiteFideId "14101025"]
[BlackFideId "2047640"]
[EventDate "2016.04.14"]

1. d4 d5 2. c4 dxc4 3. e3 b5 4. a4 b4 5. Bxc4 Nf6 6. Qf3 c6 7. Ne2 e6 8. e4 Bb7
9. Bg5 Be7 10. Nd2 h6 11. Bxf6 Bxf6 12. e5 Be7 13. Ne4 O-O 14. Rd1 Ba6 15. Bb3
Nd7 16. Nf4 Qa5 17. Qg3 Nxe5 18. Nxe6 Nd3+ 19. Rxd3 fxe6 20. Re3 Kh8 21. Qe5
Qxe5 22. dxe5 Rad8 23. Bxe6 Rd3 24. Rxd3 Bxd3 25. Nd6 Bxd6 26. exd6 Rf6 27. Kd2
Rxe6 28. Kxd3 Rxd6+ 29. Kc2 c5 30. Rd1 b3+ 31. Kc1 Ra6 32. Rd8+ Kh7 33. Kd2 Rxa4
34. Kc3 Ra1 35. Rd2 a5 36. Kxb3 a4+ 37. Kc4 a3 38. bxa3 Rxa3 39. Kxc5 h5 40. Kd4
Ra5 41. Ke4 g6 42. f4 Kg7 43. h3 Kf7 44. Rd6 Ra2 45. g4 hxg4 46. hxg4 Ra7 47. g5
Rb7 48. Ke5 Ra7 49. Rf6+ Kg7 50. Rc6 Re7+ 51. Kd6 Re4 52. Rc7+ Kg8 53. Rc8+ 1/2-1/2

[Event "ch-USA 2016"]
[Site "Saint Louis USA"]
[Date "2016.04.14"]
[Round "1.6"]
[White "Shabalov, Alexander"]
[Black "Robson, Ray"]
[Result "0-1"]
[WhiteTitle "GM"]
[BlackTitle "GM"]
[WhiteElo "2528"]
[BlackElo "2663"]
[WhiteFideId "2008572"]
[BlackFideId "2023970"]
[EventDate "2016.04.14"]

1. d4 d5 2. c4 c6 3. Nc3 Nf6 4. Nf3 e6 5. g3 dxc4 6. Bg2 b5 7. O-O Bb7 8. e4 Be7
9. e5 Nd5 10. Ne4 Nd7 11. Bg5 O-O 12. Nd6 Bxg5 13. Nxb7 Qe7 14. a4 Bh6 15. axb5
cxb5 16. Nd6 N7b6 17. Nxb5 Qb4 18. Nd6 Qxb2 19. Ra5 Nc3 20. Qa1 Bc1 21. Qxb2
Bxb2 22. Nd2 Ne2+ 23. Kh1 Rab8 24. N2xc4 Nxc4 25. Nxc4 Bxd4 26. f4 g6 27. Ra2
Nc3 28. Rd2 Bc5 29. Rd3 Na4 30. Rd2 Rfd8 31. Rc2 Bb4 32. Ra1 Nc3 33. Bf1 Nb5 34.
Kg2 Rbc8 35. Rca2 Rc7 36. Ra4 Bc5 37. Ra5 Nc3 38. Rc1 Bb4 39. Ra6 Rd4 40. Nd6
Rd2+ 41. Kh3 h5 42. Ne8 Ne2 0-1

[Event "ch-USA 2016"]
[Site "Saint Louis USA"]
[Date "2016.04.16"]
[Round "3.1"]
[White "So, Wesley"]
[Black "Caruana, Fabiano"]
[Result "1/2-1/2"]
[WhiteTitle "GM"]
[BlackTitle "GM"]
[WhiteElo "2773"]
[BlackElo "2795"]
[WhiteFideId "5202213"]
[BlackFideId "2020009"]
[EventDate "2016.04.14"]

1. c4 c5 2. Nf3 Nf6 3. Nc3 Nc6 4. e3 e6 5. d4 d5 6. a3 a6 7. dxc5 Bxc5 8. b4 Bd6
9. Bb2 O-O 10. cxd5 exd5 11. Be2 Be6 12. O-O Qe7 13. Rc1 a5 14. Nb5 axb4 15.
Nxd6 Qxd6 16. axb4 Qxb4 17. Bxf6 gxf6 18. Rb1 Qe7 19. Rb5 Rfd8 20. Nd4 Kg7 21.
Re1 Nxd4 22. Qxd4 Bf5 23. Rxd5 Rxd5 24. Qxd5 Be4 25. Qd1 Qb4 26. Rf1 Ra2 27. Qd7
Bg6 28. Bf3 b5 29. h4 Rd2 30. Qh3 h5 31. Qg3 Qd6 32. Qxd6 Rxd6 33. Rd1 Rb6 34.
e4 b4 35. Rd2 f5 36. exf5 Bxf5 37. Bxh5 b3 38. Rb2 Bc2 39. Bf3 Rb5 40. Be2 Rb4
41. Bf3 Rxh4 42. Bd5 Rb4 43. Kf1 f5 44. Ke2 Kf6 45. f4 Ke7 46. Bg8 Kf8 47. Bd5
Kg7 48. Ke3 Kg6 49. Bf3 Kf6 50. Bd5 Kg6 51. Bf3 Rc4 52. g4 Rc3+ 53. Kf2 Bd3 54.
Bd1 Bc4 55. Ke1 Rg3 56. Kf2 Rh3 57. Ke1 Be6 58. Re2 Bc4 59. Rb2 Kf6 60. Kd2 Rd3+
61. Kc1 Rc3+ 62. Kd2 Rg3 63. gxf5 Kxf5 64. Kc1 Kxf4 65. Rh2 Ke3 66. Kb2 Kd4 67.
Rh4+ Kc5 68. Ka3 Bd5 69. Rh5 Kd4 70. Rxd5+ Kxd5 71. Bxb3+ Kd4 72. Kb2 Rg2+ 73.
Ka1 Kc3 74. Ba2 Rg7 75. Bb1 Rb7 76. Ba2 Kc2 77. Bd5 Re7 78. Bg8 Re1+ 79. Ka2 Rh1
80. Bd5 Rh4 81. Bb3+ Kc3 82. Be6 Rf4 83. Bg8 Rf2+ 84. Kb1 Rb2+ 85. Ka1 Kc2 86.
Bh7+ Kc1 87. Bg8 Rb1+ 88. Ka2 Rb8 89. Bf7 Rb2+ 90. Ka1 Rb7 91. Bd5 Ra7+ 92. Ba2
Kc2 1/2-1/2

[Event "ch-USA 2016"]
[Site "Saint Louis USA"]
[Date "2016.04.16"]
[Round "3.2"]
[White "Xiong, Jeffery"]
[Black "Robson, Ray"]
[Result "1/2-1/2"]
[WhiteTitle "GM"]
[BlackTitle "GM"]
[WhiteElo "2618"]
[BlackElo "2663"]
[WhiteFideId "2047640"]
[BlackFideId "2023970"]
[EventDate "2016.04.14"]

1. d4 d5 2. Bf4 Nf6 3. e3 c5 4. dxc5 g6 5. c3 Bg7 6. Nd2 O-O 7. Ngf3 Nbd7 8. Nb3
Ne4 9. Qxd5 Ndxc5 10. Qxd8 Rxd8 11. Nxc5 Nxc5 12. Bc7 Rd7 13. Be5 Bxe5 14. Nxe5
Rd5 15. f4 Be6 16. Nf3 Na4 17. Nd4 Nxb2 18. Rb1 Na4 19. Nxe6 fxe6 20. Bc4 Rd6
21. Rxb7 Nxc3 22. O-O Kf8 23. Rc1 Nd5 24. Bb3 Rb6 25. Rxb6 axb6 26. Kf2 Nb4 27.
Kf3 b5 28. Rc5 Nxa2 29. Rxb5 Nc3 30. Rb6 Ra1 31. Bc4 Nd5 32. Rxe6 Nf6 33. Rb6
Rc1 34. Be6 Rf1+ 35. Ke2 Rg1 36. Kf2 Rh1 37. g4 Rxh2+ 38. Kg1 Re2 39. g5 Rxe3
40. gxf6 exf6 41. Kf2 Re4 42. Kf3 f5 43. Rb8+ Kg7 44. Rb7+ Kf6 45. Bd5 Re7 46.
Rb6+ Kg7 47. Rd6 Kf8 48. Be6 Kg7 49. Rc6 Kf6 50. Bc4+ Kg7 51. Rd6 Rc7 52. Be2
Re7 53. Rc6 Kf8 54. Kf2 Kg7 55. Bf3 Kf8 56. Kg3 Kg7 57. Kh4 h6 58. Kg3 Kh7 59.
Bd5 Kg7 60. Kf3 Kh7 61. Kf2 Kg7 62. Bc4 Kh7 63. Be2 Kg7 64. Rc4 Kf6 65. Rc8 Kg7
66. Rd8 Kh7 67. Bf3 Kg7 68. Bd5 Kh7 69. Rd6 Kg7 70. Be6 Kf6 71. Bd5+ 1/2-1/2

[Event "ch-USA 2016"]
[Site "Saint Louis USA"]
[Date "2016.04.16"]
[Round "3.4"]
[White "Shankland, Samuel L"]
[Black "Akobian, Varuzhan"]
[Result "1-0"]
[WhiteTitle "GM"]
[BlackTitle "GM"]
[WhiteElo "2656"]
[BlackElo "2615"]
[WhiteFideId "2004887"]
[BlackFideId "13300580"]
[EventDate "2016.04.14"]

1. e4 e6 2. d4 d5 3. Nc3 dxe4 4. Nxe4 Nd7 5. Nf3 Ngf6 6. Bd3 c5 7. Nxf6+ Nxf6 8.
Be3 Qc7 9. Qd2 Nd5 10. c3 c4 11. Bc2 Bd6 12. Qe2 b5 13. Bd2 Bb7 14. O-O O-O 15.
Qe4 g6 16. Qh4 Bf4 17. Be4 Bxd2 18. Nxd2 Rab8 19. g3 a5 20. Rfc1 Nb6 21. Re1 b4
22. Qh6 Nd5 23. Rac1 bxc3 24. bxc3 Nf6 25. Bxb7 Rxb7 26. Qg5 Kg7 27. Qe5 Qxe5
28. Rxe5 Nd5 29. Nxc4 Rc7 30. Nxa5 Ra8 31. Nb3 Rxc3 32. Re2 Rd3 33. Rb2 Nb4 34.
a4 Nd5 35. a5 Rb8 36. Rcb1 Ra8 37. a6 Rxa6 38. Nc5 Raa3 39. Rb7 Rd2 40. Nxe6+
Kf6 41. Nd8 Kf5 42. Rxf7+ Ke4 43. Re1+ Kxd4 44. Ne6+ Kc4 45. Rc1+ Nc3 46. Rxh7
Kb5 47. Rb7+ Kc6 48. Rxc3+ Rxc3 49. Rc7+ Kd6 50. Rxc3 Kxe6 51. Rf3 Rd4 52. h4
Ke5 53. Kg2 Ke6 54. Kh3 Ke5 55. g4 Rd1 56. g5 Rd6 57. h5 1-0

[Event "ch-USA 2016"]
[Site "Saint Louis USA"]
[Date "2016.04.16"]
[Round "3.6"]
[White "Onischuk, Alexander"]
[Black "Lenderman, Aleksandr"]
[Result "1-0"]
[WhiteTitle "GM"]
[BlackTitle "GM"]
[WhiteElo "2664"]
[BlackElo "2618"]
[WhiteFideId "14101025"]
[BlackFideId "2021285"]
[EventDate "2016.04.14"]

1. d4 d5 2. c4 c6 3. e3 Bf5 4. cxd5 cxd5 5. Qb3 Qc7 6. Nc3 e6 7. Nf3 Nc6 8. Nh4
Be4 9. Bd2 Be7 10. Nxe4 dxe4 11. d5 exd5 12. Nf5 g6 13. Nd4 Qd7 14. Bb5 Bf6 15.
Bc3 Kf8 16. O-O Kg7 17. f3 Nxd4 18. exd4 Qd6 19. fxe4 dxe4 20. Rae1 Rc8 21. Rxe4
Rc7 22. Bb4 Bxd4+ 23. Kh1 Qb6 24. Rxd4 Qxd4 25. Bc3 Rxc3 26. bxc3 Qd6 27. Qxf7+
Kh6 28. Qf8+ Qxf8 29. Rxf8 Kg7 30. Rb8 b6 31. Rb7+ Kh6 32. Rf7 g5 33. Bd3 g4 34.
Kg1 Kg5 35. Rf8 Kh6 36. Ra8 a5 37. Rb8 Kg7 38. Rb7+ Kf8 39. Rb8+ Kg7 40. Rb7+
Kf8 41. Rxb6 Ne7 42. Rb8+ Kg7 43. Rxh8 Kxh8 44. Be4 Kg7 45. Kf2 Kf6 46. Ke3 Ke5
47. Bxh7 Nd5+ 48. Kd2 Kf4 49. Kd3 g3 50. hxg3+ Kxg3 51. Be4 1-0